Welcome to the Holygrace Academy Library

Please use search bar below to get started

ANTE PENKUTTUKKALAM (Record no. 5528)

MARC details
000 -LEADER
fixed length control field 00253nam a22001217a 4500
020 ## - INTERNATIONAL STANDARD BOOK NUMBER
ISBN 81-8423-033-8
082 ## - DEWEY DECIMAL CLASSIFICATION NUMBER
Classification number 920
Item number NAZ/E
245 ## - TITLE STATEMENT
Title ANTE PENKUTTUKKALAM
260 ## - PUBLICATION, DISTRIBUTION, ETC. (IMPRINT)
Place of publication THRISSUR
Name of publisher GREEN BOOKS
Year of publication 2011
520 ## - SUMMARY, ETC.
Summary, etc NOVEL
650 ## - SUBJECT ADDED ENTRY--TOPICAL TERM
Topical Term NOVEL
942 ## - ADDED ENTRY ELEMENTS (KOHA)
Koha item type Books
Holdings
Withdrawn status Lost status Collection code Home library Current library Shelving location Date acquired Source of acquisition Cost, normal purchase price Full call number Accession Number Koha item type
    Fiction Main Library Main Library SHELF-16L- MALAYALAM BIOGRAPHY,STUDIES/CRITICISM 05/10/2012 Purchase 200.00 920 NAZ/E 05285 Books